Historia por Letra - Z - Estadísticas

Estadísticas generales
  • Esta prueba ha sido intentada 2.802 veces
  • La puntuación promedio es 6 de 15
Estadísticas de respuestas
Pista Respuesta % Correcto
Rey de los dioses griegos Zeus
99%
Inventó Facebook en 2004 Mark Zuckerberg
76%
La nación que fue anteriormente la colonia británica de Rhodesia del Sur Zimbabue
67%
Se estima que fue responsable de más de 45 millones de muertes en China entre 1943 y 1976 Mao Zedong
60%
Tribu sudafricana, gobernada por Shaka Zulú
48%
La nación insular que se fusionó con Tanganyika en 1963 Zanzibar
39%
Unidad monetaria tradicional polaca que se remonta a la Edad Media Zloty
34%
Los rebeldes de Chiapas que han estado en guerra con México desde 1994 Zapatistas
33%
Profeta persa y tocayo de una religión importante Zoroastro
31%
Pirámide mesopotámica con escalones Zigurat
29%
El escritor que acusó a los franceses de antisemitismo Émile Zola
23%
El general soviético más condecorado de la Segunda Guerra Mundial Gueorgui Zhúkov
16%
Entusiasta de la paradoja de la antigua Grecia Zenón
15%
Palabra con tres letras para un recluso del Gulag Zek
9%
La bahía neerlandesa que fue represada y convertida en el lago IJssel Zuiderzee
5%
No se encontraron pruebas coincidentes
Distribución de puntuación
Porcentaje de gente con cada puntuación
Porcentaje por número respondido
Historial de tus puntuaciones
No has intentado esta prueba.